El tapiz por el revés: sobre traducción
Gardado en:
| Main Authors: | , |
|---|---|
| Formato: | Libro |
| Idioma: | Lingua castelá inglés |
| Publicado: |
San Juan
Academia Puertorriqueña de la Lengua Española
1986
|
| Subjects: | |
| Tags: |
Engadir etiqueta
Sen Etiquetas, Sexa o primeiro en etiquetar este rexistro!
|
MARC
| LEADER | 00000cam a2200000 a 4500 | ||
|---|---|---|---|
| 001 | UCF5120 | ||
| 003 | CL-VaPUC | ||
| 008 | 130117e19860000PR |||||||||||||||||spa|d | ||
| 041 | 0 | 7 | |a spa |2 CL-VaPUC |
| 041 | 0 | 7 | |a eng |2 CL-VaPUC |
| 082 | 0 | 4 | |a 418.02 |b CAS |2 21 |
| 100 | 0 | |a Casares, Angel J |e author |9 566847 | |
| 700 | 0 | |a Morris, Marshall |e author |9 566848 | |
| 245 | 1 | 3 | |a El tapiz por el revés: sobre traducción |
| 300 | |a 257 p | ||
| 942 | |c BK | ||
| 945 | |d 20130117 00:00:00 |a dcastane | ||
| 260 | |a San Juan |b Academia Puertorriqueña de la Lengua Española |c 1986 | ||
| 650 | 0 | |a Traducción e interpretación |9 315998 | |
| 650 | 7 | |a TRADUCCION INGLES ESPAÑOL |2 CL-VaPUC |9 566849 | |
| 650 | 0 | |a Análisis del discurso |9 256696 | |
| 583 | |a last modification |c 20130117 11:37:00 |k Rodrigo Vera | ||
| 999 | |c 350729 |d 350727 | ||
| 952 | |0 0 |1 0 |4 0 |6 418_020000000000000_CAS_1986 |7 0 |8 A |9 454305 |a BIBEDU |b BIBEDU |d 2019-11-22 |i 4841670 |o 418.02 CAS 1986 |p 4841670 |r 2019-11-22 |w 2019-11-22 |y BK |k LIT | ||